000
00291nam a22001337a 4500
020
_a
0-07-041150-6
041
_a
ENG
100
_a
Mays.L.W
245
_a
Water Resources Handbook
260
_a
New Delhi
_b
McGraw- Hill
_c
1996
300
_a
33.35
650
_a
SWCE
856
_u
SWCE ( 06 )
999
_c
1904
_d
1904